[Event "III Copa Marcel Duchamp 2019"]
[Site "Montevideo"]
[Date "2019.02.12"]
[Round "5.20"]
[White "Coppola, Claudio"]
[Black "Escofet, Jaime"]
[Result "1/2-1/2"]
[WhiteElo "2209"]
[BlackElo "1957"]
[Annotator "TA"]
[PlyCount "78"]
[EventDate "2019.02.09"]
[EventType "swiss"]
[EventCountry "URU"]
[SourceTitle "playchess.com"]
[Source "ChessBase"]
[SourceQuality "1"]

{[%evp 15,78,33,30,0,0,-8,-8,-9,-8,-7,22,0,30,20,24,-17,-7,-117,-117,-116,-103,-99,-102,-112,-8,-15,23,0,37,6,37,0,15,0,15,15,15,15,15,15,15,15,37,0,20,0,0,0,20,22,40,0,40,0,0,0,0,0,0,0,13,0,0,0,0]} 1. d4 e6 2. c4 f5 3. g3 Nf6 4. Bg2 c6 5. Nf3 d5 6. Bf4 Be7 7. O-O O-O 8. Nbd2 Nbd7 {LiveBook: 5 Games. A90: Dutch Defence: Miscellaneous and Modern Stonewall (with ...Bd6)} (8... Nh5 9. Be5 Nd7 10. e3 Nhf6 11. Qc2 Ne4 12. Rfd1 g5 13. Ne1 Nxd2 14. Rxd2 Bb4 15. Rdd1 Bxe1 16. Rxe1 Nxe5 17. dxe5 {1-0 (34) Gupta,A (2640)-Vaisser,A (2531) Douglas 2014}) 9. Ne5 Nxe5 10. dxe5 $146 ({Predecessor:} 10. Bxe5 Bd7 11. c5 Be8 12. b4 Nd7 13. Nb3 Bh5 14. Qd2 {1-0 (51) Meskovs,N (2452)-Polok,K (2228) Wroclaw 2014}) 10... Nh5 11. e3 Nxf4 12. exf4 b6 13. Nf3 Bb7 14. Nd4 Qd7 15. Qb3 Bc5 16. Ne2 (16. Nf3 $11 {keeps the balance.}) 16... Ba6 $17 17. Rfd1 Qe7 18. cxd5 Bxe2 19. Rd2 {[%cal Bd1d2,Bd2e2,Be2c2][%mdl 32] [#] Threatens to win with d6.} cxd5 (19... Bh5 $1 $17 20. dxe6 Rad8) 20. Rxe2 $11 Rac8 21. Rc2 Rc7 22. Bf1 a5 23. Bb5 Rfc8 24. Rac1 Bb4 25. a3 Rxc2 26. Rxc2 Rxc2 27. Qxc2 Bc5 $1 28. Qa4 g5 29. Bd3 g4 30. Qc6 Kf7 31. Bb5 h5 32. Kf1 Qf8 33. Ke2 Qe7 34. f3 Qf8 {The position is equal.} 35. Qc7+ Qe7 36. Bd7 Bg1 37. fxg4 hxg4 38. Kf1 Qc5 {[%csl Gg1][%cal Rc5f2] [#]} 39. Bc6+ Kg8 {Precision: White = 38%, Black = 40%.} ({Much worse is} 39... Kg6 $6 40. Be8+ Kh6 41. Qxc5 $16) 1/2-1/2

[Event "III Copa Marcel Duchamp 2019"]
[Site "Montevideo"]
[Date "2019.02.12"]
[Round "5.21"]
[White "Pichuaga, Juan Pablo"]
[Black "Lagar, Valentin Alejo"]
[Result "0-1"]
[WhiteElo "2027"]
[BlackElo "2196"]
[Annotator "TA"]
[PlyCount "72"]
[EventDate "2019.02.09"]
[EventType "swiss"]
[EventCountry "URU"]
[SourceTitle "playchess.com"]
[Source "ChessBase"]
[SourceQuality "1"]

{[%evp 11,72,0,5,-7,0,0,0,0,0,-3,1,-21,0,-150,-72,-154,-159,-149,-145,-143,-146,-211,-218,-191,-63,-53,-62,-55,-59,-58,-61,-66,-71,-93,-86,-85,-85,-103,-41,-87,0,-87,-87,-251,-233,-259,-258,-376,-338,-364,-361,-384,-341,-484,-484,-447,-437,-1316,-627,-29949,-29948,-2430,-1239]} 1. e4 e5 2. Nf3 Nc6 3. Bb5 a6 4. Bxc6 dxc6 5. d3 f6 6. Be3 {C68: Ruy Lopez: Exchange Variation, sidelines} c5 {LiveBook: 3 Games} (6... Ne7 7. Nbd2 Ng6 8. d4 Bg4 9. h3 exd4 10. Bxd4 Be6 11. Be3 c5 12. Qe2 Qd7 13. O-O O-O-O {0-1 (42) Indjic,A (2546)-Smirin,I (2650) Jerusalem 2015}) 7. Nbd2 Bd6 8. c3 {The position is equal.} Ne7 9. Qb3 $146 ({Predecessor:} 9. Nc4 Be6 10. O-O O-O 11. Nxd6 Qxd6 12. d4 cxd4 13. cxd4 exd4 14. Qxd4 Qxd4 15. Nxd4 {½-½ (31) Razuvajeva,J (2105)-Rutman,A (2315) St Petersburg 1997}) 9... Nc6 10. O-O Qe7 11. Nh4 g6 12. f4 (12. Nc4 $11) 12... Be6 (12... exf4 $142 $1 13. Bxf4 Bxf4 14. Rxf4 b6) 13. Qc2 (13. Nc4 $142 Bxc4 14. dxc4 (14. Qxb7 $2 Kd7 $19)) 13... exf4 $17 14. Bxf4 Bxf4 15. Rxf4 O-O-O $1 16. Nf1 (16. Rff1 $17 {was necessary.}) 16... Rd6 17. Rf2 f5 ({Better is} 17... Ne5 $19 18. d4 cxd4 19. cxd4 Rxd4) 18. exf5 $15 Qxh4 19. fxe6 Rxe6 20. Re2 Rhe8 21. Rxe6 Rxe6 22. Qf2 Qe7 23. Ng3 Ne5 $36 {[%mdl 2048] Black is in control.} 24. Rd1 Ng4 (24... h5 $17) 25. Qf3 {[#]} Ne5 ({Black should play} 25... h5 $1 $17) 26. Qf4 (26. Qf2 $1 $11 {keeps the balance.}) 26... h5 $17 27. Ne4 $2 {[#]} (27. Nf1 $17) 27... Nxd3 $1 $19 {[%mdl 512]} 28. Rxd3 {aiming for Re3.} Rxe4 {[%mdl 4096] Endgame KQR-KQR} 29. Qf3 (29. Qd2 $142) 29... Re1+ 30. Kf2 Rb1 {[%csl Gb1][%cal Re7e1]} 31. Re3 Rxb2+ 32. Kg3 (32. Kf1 $142 Rb1+ 33. Ke2) 32... Qg5+ 33. Kh3 Kb8 {...Rf2! is the strong threat.} 34. a4 {[#]} (34. Qe4 $142 Rxg2 35. Rg3 Rxg3+ 36. hxg3) 34... Ka7 (34... Rf2 $142 $1 {[%mdl 512]} 35. Re4 (35. Qxf2 Qg4#) 35... Rxf3+ 36. gxf3 Qf6) 35. Qg3 Qf5+ 36. Kh4 Ra2 {Precision: White = 19%, Black = 57%.} 0-1

[Event "III Copa Marcel Duchamp 2019"]
[Site "Montevideo"]
[Date "2019.02.12"]
[Round "5.22"]
[White "Hurtado Bahamonde, Rodrigo"]
[Black "Rodriguez Farias, Eduardo"]
[Result "1/2-1/2"]
[WhiteElo "2172"]
[BlackElo "1935"]
[Annotator "TA"]
[PlyCount "45"]
[EventDate "2019.02.09"]
[EventType "swiss"]
[EventCountry "URU"]
[SourceTitle "playchess.com"]
[Source "ChessBase"]
[SourceQuality "1"]

{[%evp 21,45,5,18,13,15,20,19,16,26,29,31,16,16,18,28,12,16,0,12,17,21,21,34,3,5,11]} 1. e4 c5 2. Nf3 Nc6 3. Bb5 g6 4. O-O Bg7 5. Re1 Nf6 {[%cal Bg8f6,Bf6d5,Bd5c7,Bc7e6,Be6d4][%mdl 32]} 6. e5 Nd5 7. Nc3 Nc7 8. Bxc6 dxc6 9. d3 Bg4 10. h3 Bxf3 11. Qxf3 O-O {LiveBook: 8 Games} 12. Ne4 {B31: Sicilian: 2...Nc6 3 Bb5 g6} (12. h4 Ne6 13. h5 Nd4 14. Qd1 Qd7 15. Ne4 b6 16. h6 Bxe5 17. Nxc5 Qd5 18. Ne4 c5 19. Bg5 Rfe8 {½-½ (91) Laznicka,V (2525)-Bryzgalin,K (2474) playchess.com INT 2006}) 12... Ne6 13. Ng5 Nd4 14. Qd1 $1 h6 $146 ({Predecessor:} 14... f6 15. Ne4 b6 16. exf6 exf6 17. c3 Nf5 18. Bf4 Kh8 19. Qe2 Re8 {½-½ (31) Miranda,R (2175)-Fiorito,F (2392) Buenos Aires 2017}) 15. Nf3 Qd5 16. Nxd4 cxd4 17. Bf4 c5 18. Qd2 Kh7 19. Re4 Rac8 20. b3 Rc6 21. a4 b6 22. Rae1 a6 23. Ra1 {Precision: White = 54%, Black = 67%.} 1/2-1/2

[Event "III Copa Marcel Duchamp 2019"]
[Site "Montevideo"]
[Date "2019.02.12"]
[Round "5.23"]
[White "Dotta, Gian Franco"]
[Black "Sarquis, Maria Belen"]
[Result "1-0"]
[WhiteElo "1896"]
[BlackElo "2164"]
[Annotator "RC"]
[PlyCount "72"]
[EventDate "2019.02.09"]
[EventType "swiss"]
[EventCountry "URU"]
[SourceTitle "playchess.com"]
[Source "ChessBase"]
[SourceQuality "1"]
[TimeControl "5400+30"]

1. e4 c5 2. Nf3 e6 3. d4 cxd4 4. Nxd4 a6 5. Bd3 Nf6 6. Nc3 Qc7 7. O-O b5 8. a4 b4 9. Na2 d5 10. Re1 dxe4 11. Bxe4 Nxe4 12. Rxe4 Be7 13. Bf4 Qb6 14. Qe2 g6 15. Bh6 Bd7 16. Rd1 a5 17. Nc1 Na6 18. Ncb3 Rc8 19. Re5 Nc5 20. Nxc5 Bxc5 21. Nb3 Be7 22. Rxa5 Bc6 23. Ra6 Qb8 24. Qe3 Qb7 25. Qd4 e5 26. Qxe5 f6 27. Qe6 Qxa6 28. Nc5 Qa8 29. Re1 Rc7 30. Qxf6 Rg8 31. Bg5 Be4 32. Qe6 Qd5 33. Rxe4 Qxe6 34. Nxe6 Rxc2 35. Nd4 Rxb2 36. Rxe7+ Kf8 1-0

[Event "III Copa Marcel Duchamp 2019"]
[Site "Montevideo"]
[Date "2019.02.12"]
[Round "5.24"]
[White "Larrea, Manuel"]
[Black "Malan, Lucia"]
[Result "1-0"]
[WhiteElo "2269"]
[BlackElo "1851"]
[Annotator "TA"]
[PlyCount "43"]
[EventDate "2019.02.09"]
[EventType "swiss"]
[EventCountry "URU"]
[SourceTitle "playchess.com"]
[Source "ChessBase"]
[SourceQuality "1"]

{[%evp 22,43,99,82,89,99,138,95,99,93,105,100,115,94,199,184,350,350,502,456,616,615,729,729]} 1. e4 e5 2. Nf3 Nc6 3. Bc4 Nf6 4. Ng5 d5 5. exd5 Na5 6. Bb5+ c6 7. dxc6 bxc6 8. Bd3 h6 9. Ne4 {C58: Two Knights: 4 Ng5 d5 5 exd5 Na5 sidelines} Nd5 10. O-O Be7 11. Ng3 O-O 12. Bf5 {LiveBook: 8 Games} c5 13. d3 (13. Nc3 Nxc3 14. dxc3 Qxd1 15. Rxd1 Bb7 16. Rd7 Rfe8 {1-0 (32) Wang,H (2690)-Fang,Y (2498) China 2017}) 13... Bb7 14. Qg4 $146 {[#] Black must now prevent Bxh6.} ({Predecessor:} 14. Nc3 Nf4 15. Be4 f5 16. Bxb7 Nxb7 {1-0 (31) Rej,T (2334)-Andreassen,M (1968) Copenhagen 2010}) 14... Nf6 15. Qh3 Nc6 16. c3 Re8 17. Nd2 {[%cal Bb1d2,Bd2e4,Be4f6][%mdl 32]} Nh7 (17... Bf8 $16 {might work better.}) 18. Nde4 $18 Bf8 $2 {[#]} (18... Ng5 {was worth a try.} 19. Bxg5 Bxg5 20. Nxc5 Bc8) 19. Bxh6 $1 {[%mdl 512]} gxh6 (19... g6 $142 20. Bxf8 Rxf8 21. Nxc5 Qe7) 20. Bxh7+ {White is clearly winning.} Kxh7 21. Qf5+ Kh8 22. Nf6 1-0

[Event "III Copa Marcel Duchamp 2019"]
[Site "Montevideo"]
[Date "2019.02.12"]
[Round "5.25"]
[White "Arcos Facio, Mateo"]
[Black "Schnaider, Ilan"]
[Result "1-0"]
[WhiteElo "2107"]
[BlackElo "1825"]
[Annotator "TA"]
[PlyCount "91"]
[EventDate "2019.02.09"]
[EventType "swiss"]
[EventCountry "URU"]
[SourceTitle "playchess.com"]
[Source "ChessBase"]
[SourceQuality "1"]

{[%evp 9,91,-22,-25,38,23,-15,0,-65,121,0,0,0,0,0,29,18,25,25,38,0,56,72,58,77,135,17,26,19,21,5,172,168,154,162,158,164,161,135,229,231,232,227,212,222,220,201,292,187,301,232,228,220,322,237,240,0,289,281,262,258,416,220,400,398,398,401,389,389,414,387,402,387,409,400,468,460,695,680,1170,1194,924,979,1583,1475]} 1. e4 e5 2. Bc4 Nf6 3. d4 exd4 4. Nf3 Bc5 5. e5 (5. O-O O-O 6. e5 d5 7. Bb3 Ne4 8. c3 Bb6 9. cxd4 Bg4 10. Nc3 c6 11. h3 Bh5 12. Be3 Kh8 13. g4 {½-½ (46) Kosteniuk,A (2557)-Stefanova,A (2500) Huaian 2017}) 5... d5 $1 {[%cal Rd5c4]} 6. exf6 {And now Qe2+ would win. C24: Bishop's Opening: 2...Nf6} dxc4 7. fxg7 Rg8 $1 8. Bg5 ({White should play} 8. Qe2+ $11 Qe7 9. Qxe7+ Kxe7 10. Bh6) 8... Qd6 $2 (8... Be7 $15 {stays ahead.} 9. Qe2 Nc6) 9. Nbd2 $146 (9. O-O $16) ({Predecessor:} 9. O-O Rxg7 10. Re1+ Be6 11. Na3 Bxa3 12. bxa3 Nc6 13. Bf6 Rg6 14. Bxd4 O-O-O 15. Bb2 Qf4 16. Qe2 Bd5 17. Kh1 Rxg2 {0-1 (17) Meisch,T (1776)-Biryukov,A (1867) Luxembourg 2015}) 9... Qe6+ $11 10. Qe2 Qxe2+ 11. Kxe2 d3+ 12. cxd3 cxd3+ 13. Kxd3 {aiming for Rhe1+.} Rxg7 14. Rac1 Bb6 ({Better is} 14... Bxf2 $11 15. Rxc7 Nc6) 15. Ne4 $14 Bf5 {Strongly threatening ...h6.} 16. g4 $1 {[%cal Rg4f5]} Bg6 (16... Bxe4+ $142 17. Kxe4 Rg6) 17. Kc4 ({White should try} 17. Rhe1 $16) 17... Bxe4 $11 18. Rhe1 Rg6 {...Rc6+ is the strong threat.} 19. Rxe4+ $40 {[%mdl 128] White has some attack.} Re6 $2 (19... Kf8 $1 $11 {and Black stays safe.}) 20. Rce1 Nc6 21. Rxe6+ fxe6 22. Rxe6+ Kf7 {[#]} 23. Re2 $1 Kg7 {[#]} (23... Na5+ $16 24. Kc3 Nc6) 24. Nh4 $1 $18 Kf7 25. Nf5 Na5+ 26. Kc3 Nc6 27. f4 Bc5 (27... Re8 $142 28. Rxe8 Kxe8) 28. Nh6+ Kg7 (28... Kf8 {might work better.} 29. Kc4 Be7 30. Bxe7+ Nxe7) 29. Re6 Bd4+ 30. Kc2 Bc5 (30... Kf8 $142 31. Nf5 Bh8) 31. Nf5+ Kg8 32. Nh6+ Kg7 $1 {Hoping for ...Nd4+.} 33. Bf6+ Kf8 34. Kd3 Nd8 $2 (34... Bd6 {was necessary.} 35. Bc3 Nb4+ 36. Kc4 Nxa2) 35. Re2 (35. Re5 $142 Nf7 36. Rxc5 Nxh6 37. Rxc7 Nxg4 38. Bd4 (38. Rxh7 Nxf6 39. Rxb7 a6 $11)) 35... Nf7 $2 (35... Nc6 36. Nf5 Kf7) 36. Nf5 Bd6 37. Nxd6 Nxd6 {[%mdl 4096] Endgame KRB-KRN} 38. Re7 Ne8 39. Bh4 Rd8+ 40. Ke3 Rd1 41. Rxh7 Rb1 42. b3 {White is clearly winning.} Rb2 (42... Rg1 $142 43. g5 Kg8) 43. g5 Ng7 44. g6 {[%cal Rh7h8]} Nf5+ 45. Ke4 Nd6+ 46. Kf3 {Accuracy: White = 44%, Black = 45%.} 1-0

[Event "III Copa Marcel Duchamp 2019"]
[Site "Montevideo"]
[Date "2019.02.12"]
[Round "5.26"]
[White "Soto, Nicolas"]
[Black "Ortiz, Jorge"]
[Result "1/2-1/2"]
[WhiteElo "1982"]
[BlackElo "1809"]
[Annotator "NA RC"]
[PlyCount "58"]
[EventDate "2019.02.09"]
[EventType "swiss"]
[EventCountry "URU"]
[SourceTitle "playchess.com"]
[Source "ChessBase"]
[SourceQuality "1"]
[TimeControl "5400+30"]

1. e4 d6 2. d4 Nf6 3. Nc3 g6 4. Nf3 Bg7 5. Be2 O-O 6. h3 c6 7. a4 a5 8. O-O e5 9. dxe5 dxe5 10. Qxd8 Rxd8 11. Bc4 Re8 12. Ng5 Rf8 13. Rd1 Nbd7 14. Be3 h6 15. Nf3 Re8 16. Nd2 b6 17. Nb3 Ba6 18. Bxa6 Rxa6 19. Rd6 Rc8 20. Rad1 Ra7 21. f3 Bf8 22. R6d2 Kg7 23. Ne2 Rb7 24. Ra1 Nb8 25. Rad1 Nbd7 26. g4 Be7 27. Kf2 Nf8 28. Nec1 N6d7 29. Ne2 Nf6 1/2-1/2

[Event "III Copa Marcel Duchamp 2019"]
[Site "Montevideo"]
[Date "2019.02.12"]
[Round "5.27"]
[White "Gomez Troccoli, Martin"]
[Black "Visillac, Alejandro"]
[Result "1/2-1/2"]
[WhiteElo "1976"]
[BlackElo "1803"]
[Annotator "NA"]
[PlyCount "154"]
[EventDate "2019.02.09"]
[EventType "swiss"]
[EventCountry "URU"]
[SourceTitle "playchess.com"]
[Source "ChessBase"]
[SourceQuality "1"]
[TimeControl "5400+30"]

1. e4 e6 2. d4 d5 3. Nd2 Nf6 4. e5 Nfd7 5. Bd3 c5 6. c3 Nc6 7. Ne2 Qb6 8. Nf3 cxd4 9. cxd4 Bb4+ 10. Bd2 O-O 11. O-O {C06: French Tarrasch: 3...Nf6 4 e5 Nfd7 5 Bd3 main lines} f6 12. Bxb4 Nxb4 13. exf6 Nxf6 14. Ne5 $146 ({Predecessor:} 14. Bb1 Bd7 15. Qd2 Rac8 16. Nc3 Be8 17. Re1 Bf7 18. Na4 Qd6 19. Nc5 b6 20. Nd3 Nc6 {½-½ (96) Nuber,K (2270)-Heika,M (2399) Bayern 2013}) 14... Nxd3 15. Qxd3 Bd7 16. Nc3 Rac8 17. b3 Qa5 18. Rac1 Rc7 19. Qh3 Bc8 20. Qe3 Nd7 21. b4 Qb6 22. Nd3 Rc4 23. Ne2 Nf6 24. a3 Bd7 25. Rxc4 dxc4 26. Nc5 Qc6 27. Re1 Ng4 28. Qg3 Nxf2 29. Nf4 $11 e5 30. Rxe5 Ng4 31. Nxd7 Qxd7 32. Rd5 Qc7 33. Qxg4 Qxf4 34. Qxf4 Rxf4 35. g3 Re4 36. Kf2 c3 37. Rc5 Rxd4 38. Ke3 Rd7 39. Rxc3 Kf7 40. Ke4 Ke6 41. h4 Re7 42. Rd3 Rc7 43. g4 Rc4+ 44. Rd4 Rc3 45. a4 Rg3 46. Kf4 Ra3 47. a5 Rc3 48. h5 Rc7 49. g5 Rf7+ 50. Kg4 Rc7 51. Re4+ Kd5 52. Re1 Rf7 53. g6 hxg6 54. hxg6 Rc7 55. Kf5 Kd6 56. Re8 Rc4 57. Rd8+ Ke7 58. Rg8 Rxb4 59. Rxg7+ Kf8 60. Rc7 Rb1 61. Rc8+ Kg7 62. Rc7+ Kf8 63. Kf6 Rf1+ 64. Kg5 Rg1+ 65. Kf5 Rf1+ 66. Ke6 Re1+ 67. Kf6 Rf1+ 68. Ke5 Re1+ 69. Kd4 Rd1+ 70. Ke4 Re1+ 71. Kf4 Rf1+ 72. Ke3 Rb1 73. Kd3 Rb5 74. Kc4 Rxa5 75. g7+ Kg8 76. Rxb7 Rg5 77. Rxa7 Rxg7 1/2-1/2

[Event "III Copa Marcel Duchamp 2019"]
[Site "Montevideo"]
[Date "2019.02.12"]
[Round "5.28"]
[White "Siddeley, Hugh"]
[Black "Alvarez Ramirez, Miguel Angel"]
[Result "1-0"]
[WhiteElo "1968"]
[BlackElo "2282"]
[Annotator "TA"]
[PlyCount "97"]
[EventDate "2019.02.09"]
[EventType "swiss"]
[EventCountry "URU"]
[SourceTitle "playchess.com"]
[Source "ChessBase"]
[SourceQuality "1"]

{[%evp 12,97,26,28,27,27,44,44,42,45,58,45,56,53,67,73,75,84,83,58,104,81,100,79,107,101,90,77,97,92,88,51,95,62,84,74,79,87,96,97,71,30,68,60,80,70,77,75,63,73,67,60,62,50,115,100,146,151,172,182,203,203,218,222,249,259,252,146,147,0,955,955,955,955,1173,1173,1326,1244,29943,29945,29977,29978,29987,29988,29988,29989,29992,29991]} 1. d4 Nf6 2. c4 d6 3. Nc3 g6 4. e4 Bg7 5. Nf3 Bg4 6. h3 Bxf3 7. Qxf3 Nc6 {E90: King's Indian: Classical: Early deviations and 6 h3} 8. Qd1 (8. Be3 e5 9. d5 Nd4 10. Qd1 O-O 11. Be2 c5 12. dxc6 bxc6 13. Bxd4 exd4 14. Qxd4 Nd5 15. Qd2 Nxc3 16. bxc3 {1-0 (37) Swayams,M (2439)-Kulkarni,V (2322) Pune 2015}) 8... O-O 9. d5 $146 ({Predecessor:} 9. Be3 Ne8 10. Qd2 e5 11. d5 Ne7 12. g4 f5 13. f3 f4 14. Bf2 Nc8 15. h4 {1-0 (38) Thomas,A (1896)-Dieuleveut,F (1699) Montbeliard 2014}) 9... Ne5 {White is slightly better.} 10. Be2 c6 11. O-O cxd5 12. exd5 Qb6 13. Rb1 Rac8 14. b3 a6 15. a4 h6 16. Re1 Kh7 17. Bf1 e6 18. dxe6 fxe6 19. Be3 Qd8 20. Bd4 Nh5 21. Re3 Qh4 22. Re4 Rf4 23. Rxf4 Qxf4 24. Be3 Qf8 25. Ne4 Rd8 26. Nd2 Nf4 27. g3 Nh5 $1 28. Bg2 $36 {[%mdl 2048] White has some pressure.} d5 29. cxd5 exd5 30. Bb6 Rd7 31. Qc2 Nf6 32. Re1 Ne4 (32... Nc6 $14) 33. Nxe4 $16 {[#] Nc5 is the strong threat.} dxe4 34. Qxe4 Qd6 35. a5 Re7 36. Qb1 Qb4 {[#] And now ...Nf3+! would win.} 37. Rd1 Nc6 38. Bxc6 bxc6 39. Qd3 ({Better is} 39. Kg2 $18) 39... c5 40. Qxa6 ({White should try} 40. h4 $16) 40... Re1+ $2 {[%mdl 8192]} (40... Qxb3 $11 41. Rd2 c4) 41. Rxe1 $18 Qxe1+ 42. Qf1 Qb4 43. Qc4 Qe1+ 44. Kg2 Bd4 45. Qf7+ {White mates.} Kh8 46. a6 {[%cal Ba5a6,Ba6a7][%mdl 32]} Bxf2 47. Qxf2 Qe4+ 48. Kh2 Qa8 49. a7 {Precision: White = 53%, Black = 32%.} 1-0

[Event "III Copa Marcel Duchamp 2019"]
[Site "Montevideo"]
[Date "2019.02.12"]
[Round "5.29"]
[White "Araque, Jairo"]
[Black "De Haro, Martim Afonso Palma"]
[Result "1-0"]
[WhiteElo "1961"]
[BlackElo "1790"]
[Annotator "NA RC"]
[PlyCount "77"]
[EventDate "2019.02.09"]
[EventType "swiss"]
[EventCountry "URU"]
[SourceTitle "playchess.com"]
[Source "ChessBase"]
[SourceQuality "1"]
[TimeControl "5400+30"]

1. d4 Nf6 2. Bf4 d5 3. e3 c5 4. Nf3 Qb6 5. Nc3 a6 6. a3 Nc6 7. h3 h6 8. Be2 Bf5 9. Rb1 cxd4 10. exd4 e6 11. O-O Be7 12. b4 Ne4 13. Na4 Qa7 14. Rb3 Rc8 15. Nc5 O-O 16. c3 Rfd8 17. g4 Bh7 18. h4 Bd6 19. Bxd6 Nxd6 20. g5 hxg5 21. Nxg5 Bf5 22. Bg4 b6 23. Nd3 Qe7 24. Re1 Qf6 25. Bxf5 Qxf5 26. Re3 Re8 27. Qe2 f6 28. Nh3 Nc4 29. Rg3 e5 30. dxe5 N6xe5 31. Nxe5 Rxe5 32. Qg4 Qxg4 33. Rxg4 Re4 34. Rxe4 dxe4 35. Nf4 Nd2 36. Rb2 Nf3+ 37. Kg2 Rxc3 38. Nd5 b5 39. Nxc3 1-0

[Event "III Copa Marcel Duchamp 2019"]
[Site "Montevideo"]
[Date "2019.02.12"]
[Round "5.30"]
[White "Muzzi, Eduardo"]
[Black "Martinez, Carlos Alejandro"]
[Result "1/2-1/2"]
[WhiteElo "1954"]
[BlackElo "2503"]
[Annotator "TA"]
[PlyCount "99"]
[EventDate "2019.02.09"]
[EventType "swiss"]
[EventCountry "URU"]
[SourceTitle "playchess.com"]
[Source "ChessBase"]
[SourceQuality "1"]

{[%evp 16,99,-10,-40,-1,-36,-25,-15,-32,-54,-56,-57,0,-24,15,27,60,70,363,359,339,94,80,0,129,0,41,35,38,49,38,-18,-28,-23,-15,-31,-20,-22,-33,-54,155,33,39,23,236,235,235,236,229,235,302,343,320,267,293,262,239,104,110,0,0,0,0,0,0,0,1730,1479,448,0,0,0,-8,-422,-400,-339,-8,-444,-432,-398,-250,-492,29999,-652,0,-378]} 1. e4 {[%cal Be2e4,Be4e5][%mdl 32]} e6 2. d4 d5 3. Nc3 Nf6 4. Bg5 Be7 5. e5 Nfd7 6. h4 h6 7. Bxe7 Qxe7 8. Qg4 O-O {C14: French: Classical System: 4 Bg5 Be7 main line} 9. Nf3 {LiveBook: 8 Games} (9. f4 a6 10. Nf3 c5 11. O-O-O Nc6 12. Rh3 cxd4 13. Nxd4 Nxd4 14. Rxd4 f6 15. exf6 Qxf6 16. Qd1 {½-½ (61) Amonatov,F (2614)-Levin,E (2516) St Petersburg 2018}) 9... a6 10. O-O-O c5 $1 {Black is slightly better.} 11. dxc5 Nc6 12. Qf4 Qxc5 $146 ({Predecessor:} 12... Nxc5 13. Qe3 b5 14. g4 b4 15. Ne2 Ne4 16. Nf4 {0-1 (40) Schnegg,D (2092)-Mittermayr,G (2178) Jenbach 2009}) 13. Bd3 Nb4 (13... Qxf2 $15 14. Rhf1 Qa7) 14. Nd4 Nxd3+ 15. Rxd3 Qc7 16. Re1 b5 $2 {[%mdl 8192]} ({Black should try} 16... Nb6 $14) 17. Rg3 $18 Kh7 {[#]} 18. Qg4 $2 (18. Nxd5 $1 $18 {[%mdl 512] and the rest is easy.} Qa5 (18... exd5 19. Rxg7+) 19. Rd1) 18... Rg8 $16 19. Nf3 (19. Ne4 $1 $16 {[%cal Re4g5]} dxe4 20. Qxe4+ g6 21. Qxa8) 19... g6 (19... Kh8 $11) 20. Qf4 (20. h5 $1 $16 {[%cal Rh5g6]} g5 21. Nxd5 $1 {[%mdl 512]} exd5 22. Qf5+ Kh8 23. e6 Qf4+ 24. Qxf4 gxf4 25. Rxg8+ Kxg8 26. e7 (26. exd7 Bxd7 27. Rd1 Be6 $16)) 20... Nc5 21. Qf6 {Intending Ng5+! and mate.} Rg7 $1 {Black wants to play ...b4.} 22. h5 g5 $1 23. Rxg5 (23. a3 $1 $14) 23... hxg5 $11 24. h6 {[%csl Gh6][%cal Rf6g7]} Rg6 25. Nxg5+ {[#]} Rxg5 $1 26. Qxg5 {[%csl Gh6][%cal Rg5g7]} f6 27. Qxf6 d4 $2 {[#]} (27... Bb7 $15 {keeps the upper hand.} 28. Kb1 d4) 28. Ne4 (28. Re4 $1 $16 {[%cal Re4g4][%mdl 512]} Bb7 (28... Nxe4 29. Nxe4) 29. Rxd4) 28... Nxe4 $14 (28... Nd3+ $2 29. Kd2 $18) 29. Rxe4 $40 {[%mdl 128] Rg4 would kill now. White is up to no good.} d3 $2 (29... Bb7 $1 $11 30. Rg4 (30. Rxd4 Bd5 $14) 30... Rg8 31. Rxg8 (31. Qxe6 Rxg4 32. Qxg4 Qxe5 $17) 31... Kxg8) 30. c3 $1 $18 {White wants to mate with Rg4.} Bb7 31. Rg4 {White threatens Rg7+ and mate.} Rg8 32. Rxg8 ({Worse is} 32. Qxe6 Rxg4 33. Qxg4 Qxe5 $17) 32... Kxg8 33. Qxe6+ Kh7 34. Qf6 {Hoping for e6.} d2+ 35. Kxd2 Qd7+ {[#]} 36. Kc1 (36. Ke3 $1 $18 {is more deadly.} Bd5 37. f3 (37. Qxa6 Qf5 $18)) 36... Bd5 $16 37. f4 (37. b3 $16) 37... Bxa2 $11 38. f5 {[%cal Bf4f5,Bf5f6][%mdl 32]} Bb3 {[%csl Gb3][%cal Rd7d1]} 39. Qg6+ Kh8 {[%csl Gb3][%cal Rd7d1]} 40. Qg4 {aiming for e6.} Qe7 $2 {[%mdl 8192]} (40... Qh7 $11 41. Kd2 Qxh6+ 42. Kd3 Qh7) 41. f6 $18 Qf7 {[#]} 42. Qd4 $2 (42. Qg7+ $1 $18 Qxg7 43. hxg7+ Kh7 44. Kd2) 42... Qg6 $11 {[%csl Gb3][%cal Rg6c2]} 43. Qd8+ Kh7 {[%csl Gb3][%cal Rg6c2]} 44. Qd2 $2 {[%mdl 8192]} (44. Qd7+ $1 $11 Kxh6 45. Qh3+ Qh5 46. Qxh5+ Kxh5 47. Kd2) 44... Qf5 $19 {( -> ...Qf1+)} 45. Qe2 {If White can now play Kd2 this consolidates a bit.} Kxh6 $2 (45... Qg5+ $19 46. Kb1 Qxh6) 46. g4 $2 {[%mdl 8192]} (46. Kd2 $1 $11) 46... Qf4+ 47. Kb1 Qa4 {...Qa2+ is the strong threat.} 48. Qh2+ $2 (48. Qf3 Kg5 49. f7 Qa2+ 50. Kc1 Bxf7 51. Qe3+ Kxg4 52. Qe4+ Kg5 53. Qe3+ Kf5 54. Qf2+ Kxe5 55. Qd4+ Kf5 56. Qf2+ Kg6 57. Qg3+ Kf5 58. Qf2+ Kg6 59. Qg3+ Kf6 60. Qf2+ Ke7 61. Qc5+ Kd7 62. Qa7+ Kc8 63. Qa8+ Kd7 64. Qa7+ Kc6 65. Qa8+ Kc7 66. Qa7+ Kd8 67. Qb8+ Ke7 68. Qa7+ Ke8 69. Qb8+ Ke7 70. Qa7+ Kd6 71. Qb8+ Ke7) 48... Kg6 $4 {[%mdl 8192]} (48... Kg5 $19 49. Qh5+ Kf4 50. Qf5+ Ke3) 49. Qe2 $4 {[%mdl 8192]} (49. Qh5#) 49... Kh6 $2 (49... Qa2+ $19 50. Kc1 Qa1+ 51. Kd2 Qxb2+ 52. Ke3 Qxe2+ 53. Kxe2 a5) 50. Qe1 $2 {[%mdl 40960] Precision: White = 25%, Black = 31%. . An unexpected result.} (50. Qd2+ $11 {and White is okay.} Kg6 51. Qd4 (51. Qd3+ $2 Kg5 $19)) 1/2-1/2